000 00865nam0a22002531 4500
001 rc\2769966
005 20250806204246.0
035 _a(NLR Aleph) 006896357
090 _a26764
_c26764
100 _a20110915d1941 u y0rusy50 ca
101 0 _arus
102 _aRU
105 _ay i |||||
200 1 _aИнструкция по статистической отчетности судебных органов СССР
_fНар. ком. юст. Союза ССР
210 _aМосква
_cЮрид. изд-во НКЮ СССР
_d1941
215 _a27, [4] с.
_d17 см.
710 0 1 _aСССР
_bНародный ком. юстиции
801 0 _aRU
_bNLR
_gpsbo
801 1 _aRU
_bELAR
_2rusmarc
852 _aNLR
_jЭк90 Г-2/2
942 _cBOOK
945 _aРоссийская национальная библиотека
980 _aNB
980 _aBV